Regionální analýza disparit v krajích ČR

Regionálna analýza ekonomických a sociálnych ukazovateľov v krajoch Českej republiky s využitím metódy zhlukovej analýzy. Porovnanie vývoja ekonomického a sociálneho rozvoja regiónov ako dôležitý predpoklad pre ďalšie smerovanie regionálnej politiky.

Salvato in:
Dettagli Bibliografici
Autore principale: Měrtlová, Libuše
Altri autori: Prokop, Martin
Natura: Capitolo di libro
Lingua:ceco
Soggetti:
Tags: Aggiungi Tag
Nessun Tag, puoi essere il primo ad aggiungerne!!

MARC

LEADER 00000nla a2200000 4500
001 0226970
005 20240417075111.2
041 0 |a cze 
044 |a CZ 
245 1 0 |a Regionální analýza disparit v krajích ČR  |c Libuše Měrtlová, Martin Prokop 
520 |a Regionálna analýza ekonomických a sociálnych ukazovateľov v krajoch Českej republiky s využitím metódy zhlukovej analýzy. Porovnanie vývoja ekonomického a sociálneho rozvoja regiónov ako dôležitý predpoklad pre ďalšie smerovanie regionálnej politiky. 
610 2 0 |a regióny 
610 2 0 |a kraje 
610 2 0 |a analýza zhluková 
610 2 0 |a ukazovatele makroekonomické 
610 2 0 |a Česko 
100 1 |a Měrtlová, Libuše 
700 1 |a Prokop, Martin